|
|
|
|
| LEADER |
01200nam a2200397 4500 |
| 001 |
DLU060057550 |
| 005 |
##20061212 |
| 008 |
##030521s2004 maua b 001 0 eng |
| 010 |
# |
# |
|a 2003054084
|
| 020 |
# |
# |
|a 0071214674 (international : alk. paper)
|
| 020 |
# |
# |
|a 0072834110 (alk. paper)
|
| 040 |
# |
# |
|a DLC
|c DLC
|d DLC
|
| 042 |
# |
# |
|a pcc
|
| 050 |
# |
# |
|a QA76
|b .H215 2004
|
| 082 |
# |
# |
|a 004
|b HA-S
|
| 100 |
# |
# |
|a Haag, Stephen.
|
| 245 |
# |
# |
|a Computing concepts :
|b complete edition /
|c Stephen Haag, Maeve Cummings, Alan I. Rea
|
| 250 |
# |
# |
|a 2nd ed.
|
| 260 |
# |
# |
|a Boston :
|b McGraw-Hill Technology Education,
|c 2004
|
| 300 |
# |
# |
|a xxxi, 556 p. :
|b ill. (some col.) ;
|c 28 cm
|
| 440 |
# |
# |
|a The I series
|
| 504 |
# |
# |
|a Includes bibliographical references (p. 538-539) and index.
|
| 650 |
# |
# |
|a Electronic data processing.
|
| 700 |
# |
# |
|a Cummings, Maeve.
|
| 700 |
# |
# |
|a Rea, Alan I.
|
| 856 |
# |
# |
|3 Table of contents
|u http://www.loc.gov/catdir/toc/mh051/2003054084.html
|
| 923 |
# |
# |
|a 30/2006
|
| 992 |
# |
# |
|a 30.000
|
| 994 |
# |
# |
|a DLU
|
| 900 |
# |
# |
|a True
|
| 911 |
# |
# |
|a Đào Thị Thu Huyền
|
| 925 |
# |
# |
|a G
|
| 926 |
# |
# |
|a A
|
| 927 |
# |
# |
|a SH
|
| 980 |
# |
# |
|a Thư viện Trường Đại học Đà Lạt
|